[Event "XtraCon-Skakligaen"]
[Site "Denmark"]
[Date "2011.03.13"]
[Round "9.3"]
[White "Petersen, Tom Petri"]
[Black "Brunello, Sabino"]
[Result "0-1"]
[WhiteElo "2301"]
[BlackElo "2544"]
[PlyCount "126"]
[EventDate "2010.11.06"]
[EventType "team-tourn"]
[EventRounds "9"]
[WhiteTeam "Nordre"]
[BlackTeam "Sydostfyn"]
[WhiteTeamCountry "DEN"]
[BlackTeamCountry "DEN"]

1. Nf3 g6 2. g3 Bg7 3. d4 c5 4. c3 d5 5. Bg2 Nc6 6. O-O Nf6 7. Nbd2 O-O 8. Re1
cxd4 9. Nxd4 Ne5 10. Qb3 Ned7 11. Qd1 e5 12. N4b3 e4 13. Nf1 Nb6 14. Be3 Nc4
15. Bc5 Re8 16. Qc2 h5 17. Ne3 Bh6 18. Nf1 h4 19. Rad1 hxg3 20. hxg3 Bf5 21.
Nd4 Bd7 22. Nb3 Ba4 23. Bd4 Ng4 24. Bh3 Qg5 25. Nh2 Nge3 26. Bxe3 Nxe3 27. Qd2
Nxd1 28. Qxg5 Bxg5 29. Rxd1 Rad8 30. e3 f5 31. Bf1 Kg7 32. Be2 Bf6 33. Rd2 b6
34. Nd4 Bxd4 35. Rxd4 Bc6 36. Nf1 Kf6 37. g4 Ke5 38. f3 exf3 39. Bxf3 Rh8 40.
Nd2 fxg4 41. Bxg4 Bd7 42. Bd1 Bf5 43. Bf3 Be6 44. a4 Rdf8 45. a5 bxa5 46. Ra4
Rh3 47. Kg2 Rfh8 48. Nf1 g5 49. Rxa5 g4 50. Be2 Bf5 51. Ng3 Rh2+ 52. Kg1 Be4
53. Nxe4 Rxe2 54. Nf2 g3 55. Ng4+ Kf5 56. Ra4 Rxb2 57. Rf4+ Ke6 58. Rf6+ Ke7
59. Ra6 Rh4 60. Rxa7+ Ke6 61. Rg7 Kf5 62. e4+ Kxe4 63. Nf6+ Ke5 0-1

[Event "XtraCon-Skakligaen"]
[Site "Denmark"]
[Date "2011.03.13"]
[Round "9.4"]
[White "Shaw, John"]
[Black "Nielsen, Poul Erik"]
[Result "1-0"]
[WhiteElo "2439"]
[BlackElo "2243"]
[PlyCount "91"]
[EventDate "2010.11.06"]
[EventType "team-tourn"]
[EventRounds "9"]
[WhiteTeam "Sydostfyn"]
[BlackTeam "Nordre"]
[WhiteTeamCountry "DEN"]
[BlackTeamCountry "DEN"]

1. e4 g6 2. d4 Bg7 3. Nf3 c6 4. c3 d6 5. Bd3 e5 6. Nbd2 Nh6 7. dxe5 dxe5 8. Nc4
f6 9. a4 O-O 10. Nd6 Be6 11. Nxb7 Qe7 12. Na5 Nf7 13. Bc4 Nd6 14. Bxe6+ Qxe6
15. Nd2 Kh8 16. O-O Nd7 17. Qe2 f5 18. exf5 gxf5 19. Nxc6 e4 20. f4 a5 21. Nf3
Qd5 22. Nfd4 Nc5 23. Ne5 Rab8 24. Be3 Nd3 25. b3 Nxe5 26. fxe5 Bxe5 27. Bf4
Bxd4+ 28. cxd4 Qxd4+ 29. Kh1 Rxb3 30. Rad1 Qc4 31. Be5+ Kg8 32. Qh5 Nf7 33.
Qxf5 Rb6 34. Rf4 Qe6 35. Rg4+ Qg6 36. Rxg6+ hxg6 37. Qf2 e3 38. Qa2 Re8 39. Bg3
e2 40. Re1 Rb4 41. Rxe2 Rxe2 42. Qxe2 Rb1+ 43. Be1 Ra1 44. h3 Kf8 45. Qe4 Nd6
46. Qe5 1-0

[Event "XtraCon-Skakligaen"]
[Site "Denmark"]
[Date "2011.03.13"]
[Round "9.5"]
[White "Christensen, Jan Schleicher"]
[Black "Pedersen, Steffen"]
[Result "1/2-1/2"]
[WhiteElo "2229"]
[BlackElo "2417"]
[PlyCount "197"]
[EventDate "2010.11.06"]
[EventType "team-tourn"]
[EventRounds "9"]
[WhiteTeam "Nordre"]
[BlackTeam "Sydostfyn"]
[WhiteTeamCountry "DEN"]
[BlackTeamCountry "DEN"]

1. d4 Nf6 2. Nf3 g6 3. Nc3 d5 4. Bf4 Bg7 5. Qd2 O-O 6. Bh6 Nc6 7. Bxg7 Kxg7 8.
O-O-O a6 9. Ne5 Qd6 10. f3 Nxe5 11. dxe5 Qxe5 12. Nxd5 Rd8 13. e4 Nxd5 14. exd5
e6 15. Bc4 exd5 16. h4 Be6 17. Bd3 h5 18. g4 hxg4 19. h5 gxh5 20. f4 Qf6 21.
Rxh5 Rh8 22. Rg5+ Kf8 23. Qb4+ Ke8 24. Re1 c5 25. Qd2 Kf8 26. Kb1 Re8 27. Rge5
g3 28. Qe3 g2 29. Qxc5+ Re7 30. Qg1 Rh1 31. Qxg2 Rxe1+ 32. Rxe1 Qxf4 33. Rf1
Qe5 34. Qd2 Bd7 35. a3 Bc6 36. Qb4 Ke8 37. Qg4 Kd8 38. Rf5 Qe1+ 39. Ka2 Qe6 40.
Qf4 Qd7 41. Rf6 Qc7 42. Rd6+ Kc8 43. Bf5+ Bd7 44. Qh2 Kb8 45. Bxd7 Rxd7 46.
Qh8+ Qc8 47. Qe5 Qc4+ 48. Kb1 Rxd6 49. Qxd6+ Ka7 50. Qd7 f6 51. Qf7 Qd4 52. Qf8
Qg1+ 53. Ka2 Qb6 54. Kb1 Qc6 55. c3 Qb6 56. a4 d4 57. a5 Qxa5 58. Qxf6 dxc3 59.
Qd4+ Kb8 60. Qh8+ Kc7 61. Qg7+ Kc6 62. Qf6+ Kb5 63. Qf1+ Kb4 64. Qf4+ Kc5 65.
Qe5+ Kb6 66. Qf6+ Ka7 67. Qd4+ Qb6 68. Qxc3 a5 69. Qc4 Qd6 70. Ka2 Qe5 71. Kb1
Qe1+ 72. Ka2 Qe3 73. Qd5 Ka6 74. Qg8 Qd4 75. Qe6+ Ka7 76. Qf5 Kb6 77. Qe6+ Ka7
78. Qf5 Qb4 79. Qf2+ Ka6 80. Qe2+ Qb5 81. Qe7 Qc4+ 82. Kb1 a4 83. Qf8 Qe4+ 84.
Ka1 Kb5 85. Qd6 Kc4 86. Qc7+ Kd3 87. Qc3+ Ke2 88. Qc5 Ke1 89. Qc3+ Ke2 90. Qc5
Kf3 91. Qc3+ Kg4 92. Qg7+ Kf5 93. Qf7+ Ke5 94. Qe7+ Kd4 95. Qb4+ Ke5 96. Qe7+
Kd4 97. Qb4+ Kd3 98. Qc3+ Ke2 99. Qc5 1/2-1/2

[Event "XtraCon-Skakligaen"]
[Site "Denmark"]
[Date "2011.03.13"]
[Round "9.6"]
[White "Sorensen, Torben N"]
[Black "Hoiberg, Nina"]
[Result "1/2-1/2"]
[WhiteElo "2403"]
[BlackElo "2198"]
[PlyCount "135"]
[EventDate "2010.11.06"]
[EventType "team-tourn"]
[EventRounds "9"]
[WhiteTeam "Sydostfyn"]
[BlackTeam "Nordre"]
[WhiteTeamCountry "DEN"]
[BlackTeamCountry "DEN"]

1. Nf3 Nc6 2. d4 d5 3. g3 g6 4. b3 Bg7 5. Bb2 Nf6 6. Bg2 O-O 7. O-O h6 8. Nbd2
Ne4 9. c4 e6 10. Rc1 a5 11. a3 Kh7 12. Nxe4 dxe4 13. Ne5 f5 14. Nxc6 bxc6 15.
Qc2 Bb7 16. Rcd1 Qe7 17. f3 exf3 18. Bxf3 Rab8 19. Rd3 Rfd8 20. Rfd1 Rd7 21. e3
c5 22. Bxb7 Rxb7 23. dxc5 Rxd3 24. Rxd3 c6 25. Bxg7 Qxg7 26. Qc3 Qxc3 27. Rxc3
Kg7 28. b4 Kf6 29. b5 Ke5 30. Kf2 Ke4 31. Ke2 e5 32. b6 f4 33. gxf4 exf4 34.
exf4 Kd4 35. Rg3 Kxc5 36. Rxg6 Rxb6 37. Rxh6 Kxc4 38. Rd6 Rb2+ 39. Rd2 Rb3 40.
Rc2+ Kd5 41. a4 Rh3 42. Kf1 Ra3 43. Kf2 Rxa4 44. Kf3 Rb4 45. Ra2 a4 46. h4 Ke6
47. Kg4 Kf6 48. h5 c5 49. Rh2 a3 50. h6 Rb2 51. Rh3 Rg2+ 52. Kf3 Rg8 53. h7 Rh8
54. Kg4 a2 55. Rh6+ Ke7 56. Ra6 Rxh7 57. Rxa2 Kd6 58. Rd2+ Kc6 59. f5 c4 60. f6
Kc5 61. Rf2 Rf7 62. Kf5 Kd4 63. Ke6 Rf8 64. Ke7 Rxf6 65. Kxf6 c3 66. Ra2 Kd3
67. Ke5 c2 68. Ra1 1/2-1/2

[Event "XtraCon-Skakligaen"]
[Site "Denmark"]
[Date "2011.03.13"]
[Round "9.8"]
[White "Nordenbaek, Jan"]
[Black "Pedersen, Karl"]
[Result "1-0"]
[WhiteElo "2271"]
[BlackElo "2254"]
[PlyCount "48"]
[EventDate "2010.11.06"]
[EventType "team-tourn"]
[EventRounds "9"]
[WhiteTeam "Sydostfyn"]
[BlackTeam "Nordre"]
[WhiteTeamCountry "DEN"]
[BlackTeamCountry "DEN"]

1. Nf3 Nf6 2. c4 g6 3. Nc3 Bg7 4. d4 O-O 5. g3 d5 6. cxd5 Nxd5 7. Bg2 Nc6 8.
O-O Nb6 9. d5 Na5 10. e4 Nac4 11. Qe2 Bg4 12. h3 Bxf3 13. Bxf3 Re8 14. Rd1 a5
15. Bf4 Ne5 16. Bg2 Qb8 17. Rac1 e6 18. Nb5 c6 19. dxc6 bxc6 20. Nd4 Rc8 21.
Nxc6 Rxc6 22. Rxc6 Qb7 23. Rcd6 h6 24. Qb5 Ra6 1-0